000 01359cam a22003857a 4500
001 8785613
003 OSt
005 20210909101600.0
006 m d
007 cr n
008 100927s2011 enka sb 001 0 eng d
020 _a9780857291684
035 _a(WaSeSS)ssj0000476072
038 _akhadija
040 _aDLC
_cDLC
_dDLC
_dWaSeSS
042 _apcc
050 4 _aQA76.76.I58
_bD57 2011
050 4 _aQA76.76.I58
082 _a229.83
_bREN
100 _aRen, Wei
_982277
210 1 0 _aDistributed coordination of multi-agent networks
245 0 0 _aDistributed coordination of multi-agent networks
_bemergent problems, models, and issues /
_cWei Ren, Yongcan Cao.
260 _aLondon ;
_aNew York :
_bSpringer-Verlag
_cc2011.
504 _aIncludes bibliographical references (p. 291-304) and index.
506 _aLicense restrictions may limit access.
563 _ahardcover
650 0 _aMultiagent systems
_xMathematical models.
_982278
650 0 _aAutomatic control.
_926207
700 1 _aRen, Wei.
_982277
700 1 _aCao, Yongcan.
_982279
773 0 _tSpringerLink ebooks - Engineering (2011)
856 4 0 _uhttp://www.columbia.edu/cgi-bin/cul/resolve?clio8785613
_zFull text available from SpringerLink ebooks - Engineering (2011)
910 _aLibrary of Congress record
942 _2ddc
_cBK
999 _c33156
_d33156